000 00264nam a22001097a 4500
008 230704b xxu||||| |||| 00| 0 eng d
082 _a362.2
_bNAC
245 _aYouth in Peril
_bAlcohol and Drug Abuse in Kenya
260 _bNACADA
300 _a41p
942 _2ddc
_cBK
999 _c3956
_d3956